000 00703nam a2200217Ia 4500
001 14180
003 GE_BSU
008 181216s||||||||xx |||||||||||||| ||und||
040 _cGE_BSU
080 _aპერიოდიკა
245 _aInternational review of the Red Cross. volume 95, number 891/892, Autumn/Winter 2013
245 _bMultinational operations and the Law.Humanitarian debate: Law,Policy,Action
260 _aCambridge
260 _c2013
300 _a786p.23cm.
653 _aHumanitarian debate: Law,Policy,Action
653 _ainternational political science review
653 _aMultinational operations and the Law
653 _aნაჩუქარი
942 _cCR
999 _c47319
_d47319